Ashimat jar heral seema (Record no. 3077)

MARC details
000 -LEADER
fixed length control field 00446cam a2200181ua 4500
008 - FIXED-LENGTH DATA ELEMENTS--GENERAL INFORMATION
fixed length control field 111013n ii |||gr||||Z||||||asm
040 ## - CATALOGING SOURCE
Transcribing agency MAIN
082 ## - DEWEY DECIMAL CLASSIFICATION NUMBER
Classification number 891.4513
100 1# - MAIN ENTRY--PERSONAL NAME
Personal name Baruah, Kanchan,
245 11 - TITLE STATEMENT
Title Ashimat jar heral seema
Statement of responsibility, etc. by Kanchan Baruah
250 ## - EDITION STATEMENT
Edition statement 4th.
260 ## - PUBLICATION, DISTRIBUTION, ETC.
Place of publication, distribution, etc. Guahati:
Name of publisher, distributor, etc. Jyoti Prakashan,986.
300 ## - PHYSICAL DESCRIPTION
Extent 366p:
Dimensions 23cm.
942 ## - ADDED ENTRY ELEMENTS (KOHA)
Koha item type Books
653 ## - INDEX TERM--UNCONTROLLED
Uncontrolled term Assamese novel
653 ## - INDEX TERM--UNCONTROLLED
Uncontrolled term Ashimat jar heral seema
Holdings
Withdrawn status Lost status Damaged status Not for loan Home library Current library Shelving location Date acquired Total Checkouts Full call number Barcode Date last seen Date last checked out Copy number Price effective from Koha item type
        Naharkatiya College Central Library Naharkatiya College Central Library General Stacks 19/09/2020 2 891.4513 | BAR 8422 31/03/2022 25/01/2022 1 19/09/2020 Books

Naharkatiya College © 2020. All rights reserved.

Powered By